[Event "GRE-chT Online Rapid op 1st"]
[Site "Tornelo INT"]
[Date "2021.02.21"]
[Round "6.15"]
[White "Stamatis, Ioannis"]
[Black "Paouris, Nikolaos"]
[Result "0-1"]
[WhiteElo "1876"]
[BlackElo "1867"]
[PlyCount "56"]
[EventDate "2021.02.20"]
[EventType "team-swiss (rapid)"]
[EventRounds "9"]
[EventCountry "GRE"]
[SourceTitle "EXT 2023"]
[Source "ChessBase"]
[SourceDate "2022.10.05"]
[SourceVersion "1"]
[SourceVersionDate "2022.10.05"]
[SourceQuality "1"]

1. d4 Nf6 2. Nf3 e6 3. Bg5 c5 4. e3 h6 5. Bh4 Nc6 6. c3 d5 7. Nbd2 Be7 8. Bb5 0-0 9. Bxc6 bxc6 10. Ne5 Qc7 11. Bg3 Bd6 12. Qa4 Bd7 13. Nxd7 Nxd7 14. Bxd6 Qxd6 15. Qa3 Qc7 16. dxc5 a5 17. c4 Qa7 18. cxd5 exd5 19. Rc1 Rfb8 20. 0-0 Qb7 21. Rc2 Qb4 22. Nb3 Qxa3 23. bxa3 a4 24. Nd4 Ra6 25. Nf5 Kf8 26. Rd1 Ne5 27. Nd6 Ra5 28. e4 dxe4 0-1

[Event "GRE-ch U20"]
[Site "Trikala"]
[Date "2019.05.04"]
[Round "7"]
[White "Tsarsitalidis, Christos"]
[Black "Stamatis, Ioannis"]
[Result "1/2-1/2"]
[WhiteElo "1740"]
[BlackElo "1825"]
[PlyCount "97"]
[EventDate "2019.04.30"]
[EventType "swiss"]
[EventRounds "9"]
[EventCountry "GRE"]
[SourceTitle "CBM 190 Extra"]
[Source "ChessBase"]
[SourceDate "2019.07.15"]
[SourceVersion "1"]
[SourceVersionDate "2019.07.15"]
[SourceQuality "1"]

1. e4 c5 2. Nf3 e6 3. d4 cxd4 4. Nxd4 Nc6 5. Be3 Qc7 6. Be2 a6 7. 0-0 Nf6 8. Nc3 b5 9. Bd3 Bb7 10. Re1 h5 11. h3 Bd6 12. Nb3 Bh2+ 13. Kf1 Be5 14. Qd2 Na5 15. Nc5 Bc8 16. f4 Bxc3 17. Qxc3 d6 18. Na4 Qxc3 19. Nxc3 Bb7 20. Bb6 Nc6 21. Bc7 Kd7 22. Bxd6 Kxd6 23. e5+ Kc7 24. exf6 gxf6 25. Ne4 Rh6 26. Nc5 Nb4 27. Nxb7 Nxd3 28. cxd3 Kxb7 29. f5 e5 30. d4 exd4 31. Rad1 Rd8 32. Re4 Rd5 33. Rf4 Rh8 34. Rdxd4 Rhd8 35. Rxd5 Rxd5 36. Ke2 Kc7 37. g4 hxg4 38. hxg4 Kd6 39. Ke3 Re5+ 40. Kd3 Re1 41. a4 Rg1 42. Kc3 Rg3+ 43. Kc2 Kd5 44. axb5 axb5 45. Rb4 Kc5 46. Re4 Rg2+ 47. Kb3 Rg3+ 48. Kc2 Rg2+ 49. Kb3 1/2-1/2

[Event "GRE-ch U20"]
[Site "Trikala"]
[Date "2019.05.03"]
[Round "6"]
[White "Stamatis, Ioannis"]
[Black "Kadianis, Georgios"]
[Result "1-0"]
[WhiteElo "1825"]
[BlackElo "2022"]
[PlyCount "187"]
[EventDate "2019.04.30"]
[EventType "swiss"]
[EventRounds "9"]
[EventCountry "GRE"]
[SourceTitle "CBM 190 Extra"]
[Source "ChessBase"]
[SourceDate "2019.07.15"]
[SourceVersion "1"]
[SourceVersionDate "2019.07.15"]
[SourceQuality "1"]

1. d4 Nf6 2. Bf4 e6 3. e3 c5 4. c3 b6 5. Nf3 Bb7 6. Nbd2 Be7 7. Bd3 d6 8. h3 Nc6 9. 0-0 0-0 10. Bh2 Qc7 11. a3 e5 12. dxe5 Nxe5 13. Nxe5 dxe5 14. Qc2 g6 15. e4 Rad8 16. Nc4 Nd7 17. a4 Bg5 18. Rfd1 Bf4 19. Qe2 Rfe8 20. Na3 Nf6 21. Nb5 Qb8 22. Bc2 Ba6 23. Qf3 Bxb5 24. axb5 Kg7 25. Bb3 Bxh2+ 26. Kxh2 Rxd1 27. Rxd1 Rd8 28. Bd5 Rd7 29. Bc6 Rxd1 30. Qxd1 Kf8 31. Qd2 Ke7 32. g3 Qd6 33. Qc2 a5 34. Qe2 Ng8 35. Bd5 Nf6 36. Bc6 Ng8 37. Bd5 Nf6 38. c4 Kf8 39. Qe3 Kg7 40. Qc3 Kf8 41. Qe3 Kg7 42. f4 exf4 43. gxf4 Nh5 44. e5 Qe7 45. Bf3 Qh4 46. Bxh5 Qxh5 47. Qd3 Qh4 48. Qe3 Qd8 49. Qc3 Kg8 50. Kg3 Qd1 51. Qe3 Qd7 52. Qe4 Kg7 53. b3 h5 54. Kg2 Qd2+ 55. Kg1 Qd1+ 56. Kg2 Qxb3 57. e6 Qb2+ 58. Kf3 fxe6 59. Qb7+ Kf6 60. Qxb6 Qc3+ 61. Kg2 Qd2+ 62. Kf3 Qd3+ 63. Kf2 Qd4+ 64. Kf3 a4 65. Qb8 Qc3+ 66. Kf2 Kf5 67. Qf8+ Ke4 68. Qa8+ Kxf4 69. Qf8+ Ke4 70. Qa8+ Kf4 71. Qf8+ Ke4 72. Qa8+ Kd4 73. Qxa4 Qxh3 74. Qa6 Qe3+ 75. Kg2 Qe2+ 76. Kg3 Qxc4 77. Qa1+ Kd5 78. Qa8+ Ke5 79. Qb8+ Kf5 80. Qf8+ Ke4 81. Qf4+ Kd5 82. Qxc4+ Kxc4 83. b6 Kd3 84. b7 c4 85. b8Q c3 86. Qd6+ Kc2 87. Qxe6 Kb2 88. Qb6+ Kc1 89. Qe3+ Kb2 90. Qb6+ Kc1 91. Qg1+ Kb2 92. Qd4 Kb3 93. Kf2 c2 94. Qa1 1-0

[Event "GRE-chT 46th"]
[Site "Rio Achaia"]
[Date "2018.07.15"]
[Round "7.3"]
[White "Papadopoulos, Dimitrios Ath"]
[Black "Stamatis, Ioannis"]
[Result "0-1"]
[WhiteElo "1609"]
[BlackElo "1777"]
[PlyCount "108"]
[EventDate "2018.07.10"]
[EventType "team"]
[EventRounds "7"]
[EventCountry "GRE"]
[SourceTitle "CBM 185 Extra"]
[Source "ChessBase"]
[SourceDate "2018.07.29"]
[SourceVersion "1"]
[SourceVersionDate "2018.07.29"]
[SourceQuality "1"]
[WhiteTeam "Piraikos"]
[BlackTeam "Kavalas"]
[WhiteTeamCountry "GRE"]
[BlackTeamCountry "GRE"]

1. d4 Nf6 2. Nf3 e6 3. c4 Bb4+ 4. Bd2 Qe7 5. a3 Bxd2+ 6. Nbxd2 d6 7. e4 e5 8. d5 Nbd7 9. b4 Nf8 10. g3 Ng6 11. Bg2 0-0 12. 0-0 h6 13. Ne1 c6 14. Nd3 cxd5 15. cxd5 Bd7 16. Qb3 Rfc8 17. Rfc1 h5 18. Rxc8+ Rxc8 19. Rc1 Rxc1+ 20. Nxc1 b5 21. Qc3 Qd8 22. Ncb3 Qb6 23. Nf1 Ng4 24. Ne3 Nxe3 25. Qxe3 Qxe3 26. fxe3 Ne7 27. Kf2 Nc8 28. Bf3 g6 29. Na5 Kf8 30. Be2 Nb6 31. Bd3 Ke7 32. Ke1 Kd8 33. Kd2 Kc7 34. Kc2 a6 35. Be2 f5 36. Bd3 fxe4 37. Bxe4 Bf5 38. Kd3 Nxd5 39. Bxf5 gxf5 40. e4 fxe4+ 41. Kxe4 Ne7 42. Nb3 Kd7 43. Nc1 Ke6 44. Nd3 Nd5 45. Nb2 Nb6 46. Kd3 d5 47. Nd1 Nc4 48. Nf2 Nxa3 49. g4 hxg4 50. Nxg4 e4+ 51. Kc3 Nc4 52. Kd4 Nd6 53. Kc5 Nf5 54. Kb6 e3 0-1

[Event "GRE-chT 46th"]
[Site "Rio Achaia"]
[Date "2018.07.11"]
[Round "2.2"]
[White "Stamatis, Ioannis"]
[Black "Brokalakis Gounaris, Christos"]
[Result "0-1"]
[WhiteElo "1777"]
[BlackElo "1901"]
[PlyCount "88"]
[EventDate "2018.07.10"]
[EventType "team"]
[EventRounds "7"]
[EventCountry "GRE"]
[SourceTitle "CBM 185 Extra"]
[Source "ChessBase"]
[SourceDate "2018.07.29"]
[SourceVersion "1"]
[SourceVersionDate "2018.07.29"]
[SourceQuality "1"]
[WhiteTeam "Kavalas"]
[BlackTeam "The Christ of Chania"]
[WhiteTeamCountry "GRE"]
[BlackTeamCountry "GRE"]

1. d4 Nf6 2. c4 e6 3. g3 d5 4. Bg2 Bb4+ 5. Bd2 Bd6 6. Nf3 c6 7. Qc2 Nbd7 8. Bg5 h6 9. Bxf6 Qxf6 10. Nbd2 0-0 11. 0-0 Re8 12. e4 dxe4 13. Nxe4 Qe7 14. Nxd6 Qxd6 15. Rfd1 Qc7 16. Rd3 c5 17. d5 exd5 18. cxd5 Qd6 19. Nd2 Qg6 20. Rc3 Qxc2 21. Rxc2 b6 22. Ne4 Ba6 23. Nd6 Red8 24. b4 cxb4 25. Rc7 Ne5 26. Nf5 Bb5 27. Re1 Ng6 28. h4 Rd7 29. d6 Rad8 30. h5 Nf8 31. Bd5 a5 32. Re7 Ne6 33. Bxe6 fxe6 34. Nd4 Rxe7 35. dxe7 Rxd4 36. Rb7 Be8 37. Rxb6 Kf7 38. Ra6 a4 39. Ra7 Rd7 40. Ra5 Kxe7 41. Kg2 b3 42. Rxa4 Rb7 43. Rg4 b2 44. Rxg7+ Bf7 0-1

[Event "GRE-ch U16"]
[Site "Rio Achaia"]
[Date "2018.07.09"]
[Round "9"]
[White "Stamatis, Ioannis"]
[Black "Marinakis, Hristos"]
[Result "0-1"]
[WhiteElo "1777"]
[BlackElo "1942"]
[PlyCount "70"]
[EventDate "2018.07.03"]
[EventType "swiss"]
[EventRounds "9"]
[EventCountry "GRE"]
[SourceTitle "EXT 2019"]
[Source "ChessBase"]
[SourceDate "2018.10.10"]
[SourceVersion "1"]
[SourceVersionDate "2018.10.10"]
[SourceQuality "1"]

1. d4 Nf6 2. Bf4 d6 3. Nc3 g6 4. e4 Bg7 5. Qd2 Nbd7 6. f3 e5 7. Be3 c6 8. Nge2 b5 9. Nd1 a6 10. c3 Bb7 11. Ng3 h5 12. Bd3 exd4 13. cxd4 c5 14. 0-0 0-0 15. Nf2 Re8 16. Bc2 Rc8 17. Bb3 d5 18. dxc5 Nxc5 19. Bxd5 Bxd5 20. exd5 Qxd5 21. Qxd5 Nxd5 22. Bxc5 Rxc5 23. Rad1 Nf4 24. Rd6 Rc2 25. Nge4 Rxb2 26. Rxa6 Bd4 27. Rd6 Be5 28. Rb6 Ra8 29. a4 bxa4 30. Rxb2 Bxb2 31. Nc5 Bd4 32. Nd7 a3 33. Rd1 a2 34. g3 a1Q 35. Nf6+ Bxf6 0-1

[Event "GRE-ch U16"]
[Site "Rio Achaia"]
[Date "2018.07.04"]
[Round "3"]
[White "Blitsas, Orestis"]
[Black "Stamatis, Ioannis"]
[Result "0-1"]
[WhiteElo "1584"]
[BlackElo "1777"]
[PlyCount "68"]
[EventDate "2018.07.03"]
[EventType "swiss"]
[EventRounds "9"]
[EventCountry "GRE"]
[SourceTitle "EXT 2019"]
[Source "ChessBase"]
[SourceDate "2018.10.10"]
[SourceVersion "1"]
[SourceVersionDate "2018.10.10"]
[SourceQuality "1"]

1. e4 c5 2. Nf3 e6 3. d4 cxd4 4. Nxd4 Nc6 5. g3 Qc7 6. Bg2 a6 7. 0-0 Nf6 8. c4 Bc5 9. Nb3 Be7 10. Nc3 Ne5 11. Bf4 d6 12. Bxe5 dxe5 13. Rc1 Bd7 14. Qe2 0-0 15. Rfd1 Rac8 16. Nb1 Bc6 17. f3 Nd7 18. Kh1 Ba4 19. N1d2 Bg5 20. Rc3 Nc5 21. Re1 Rfd8 22. h4 Bh6 23. Nf1 Bxb3 24. axb3 Qb6 25. Qc2 Rd4 26. Kh2 Rcd8 27. Re2 Nd3 28. Ne3 Nb4 29. Qc1 Na2 30. Qc2 Nxc3 31. bxc3 Rd3 32. Ng4 Bd2 33. Nxe5 Rxc3 34. Qb2 Rxb3 0-1

[Event "GRE-ch U16"]
[Site "Rio Achaia"]
[Date "2018.07.04"]
[Round "2"]
[White "Stamatis, Ioannis"]
[Black "Tsivelekidou, Evgenia"]
[Result "1/2-1/2"]
[WhiteElo "1777"]
[BlackElo "2007"]
[PlyCount "79"]
[EventDate "2018.07.03"]
[EventType "swiss"]
[EventRounds "9"]
[EventCountry "GRE"]
[SourceTitle "EXT 2019"]
[Source "ChessBase"]
[SourceDate "2018.10.10"]
[SourceVersion "1"]
[SourceVersionDate "2018.10.10"]
[SourceQuality "1"]

1. d4 Nf6 2. Bg5 d5 3. e3 c6 4. Bd3 Bg4 5. f3 Bh5 6. Ne2 e6 7. 0-0 Be7 8. Nf4 Bg6 9. Nxg6 hxg6 10. c3 Qc7 11. Bf4 Bd6 12. Bxd6 Qxd6 13. f4 Nbd7 14. Nd2 c5 15. Qf3 Rb8 16. a4 b6 17. Rab1 a5 18. g3 Ke7 19. Rfe1 Rbd8 20. Rbd1 cxd4 21. exd4 Ne8 22. Nf1 Ndf6 23. Ne3 Kf8 24. Re2 Qc7 25. Ng4 Nxg4 26. Qxg4 Nd6 27. Rde1 Rh6 28. Qf3 Qd7 29. Ra1 f5 30. Re5 Kf7 31. Qe2 Qe7 32. Re1 Ne4 33. Bxe4 dxe4 34. Qb5 g5 35. d5 gxf4 36. dxe6+ Kg8 37. Rxf5 fxg3 38. hxg3 Qxe6 39. Re5 Qg6 40. Qc4+ 1/2-1/2

[Event "GRE-ch U16"]
[Site "Achaia"]
[Date "2017.07.01"]
[Round "8"]
[White "Karousos Theodorakis, Nikolaos"]
[Black "Stamatis, Ioannis"]
[Result "1-0"]
[WhiteElo "2153"]
[BlackElo "1805"]
[PlyCount "73"]
[EventDate "2017.06.26"]
[EventType "swiss"]
[EventRounds "9"]
[EventCountry "GRE"]
[SourceTitle "CBM 179 Extra"]
[Source "ChessBase"]
[SourceDate "2017.08.23"]
[SourceVersion "1"]
[SourceVersionDate "2017.08.23"]
[SourceQuality "1"]

1. c4 e5 2. g3 f5 3. Nc3 Nf6 4. d4 e4 5. Bh3 d5 6. cxd5 Nxd5 7. f3 Bb4 8. Qc2 0-0 9. a3 Bxc3+ 10. bxc3 Nc6 11. Bg2 Qf6 12. Nh3 h6 13. 0-0 Kh8 14. fxe4 Nxd4 15. cxd4 Qxd4+ 16. Kh1 Qxa1 17. exd5 Qf6 18. Bb2 Qe7 19. Nf4 Kh7 20. e4 g6 21. e5 Bd7 22. d6 cxd6 23. Nd5 Qd8 24. Nf6+ Rxf6 25. exf6 Rc8 26. Qb3 Qe8 27. f7 Qe6 28. Qxe6 Bxe6 29. Bxb7 Rb8 30. f8Q Rxf8 31. Re1 Rb8 32. Rxe6 Rxb7 33. Bd4 h5 34. Rxd6 Rb3 35. Rd7+ Kh6 36. h4 Rb1+ 37. Kg2 1-0

[Event "GRE-ch U16"]
[Site "Achaia"]
[Date "2017.06.28"]
[Round "4"]
[White "Androutsopoulos Agiotatos, Vasilios"]
[Black "Stamatis, Ioannis"]
[Result "1-0"]
[WhiteElo "2088"]
[BlackElo "1805"]
[PlyCount "77"]
[EventDate "2017.06.26"]
[EventType "swiss"]
[EventRounds "9"]
[EventCountry "GRE"]
[SourceTitle "CBM 179 Extra"]
[Source "ChessBase"]
[SourceDate "2017.08.23"]
[SourceVersion "1"]
[SourceVersionDate "2017.08.23"]
[SourceQuality "1"]

1. e4 c5 2. Nf3 d6 3. d4 cxd4 4. Nxd4 Nf6 5. Nc3 a6 6. Bg5 e6 7. f4 Be7 8. Qf3 Qc7 9. 0-0-0 Nbd7 10. f5 e5 11. Nde2 b5 12. Bxf6 Nxf6 13. Nd5 Nxd5 14. exd5 Qb6 15. h4 Bb7 16. Ng3 0-0-0 17. Ne4 Kb8 18. Kb1 Rc8 19. Rh3 Qd8 20. Qf2 h5 21. Be2 Bf6 22. Ra3 Rc7 23. Qb6 Rd7 24. Rxa6 Qxb6 25. Rxb6 Kc7 26. Bxb5 Rdd8 27. Rxb7+ Kxb7 28. Bc6+ Ka7 29. g3 Be7 30. b4 Rb8 31. b5 g6 32. f6 Bd8 33. Nxd6 Bxf6 34. Rf1 Bd8 35. Rxf7+ Kb6 36. Ne4 Ka5 37. c3 Bb6 38. Nd2 Bc5 39. Nc4+ 1-0

[Event "Aegean op 39th"]
[Site "Aghios Kirykos"]
[Date "2016.07.13"]
[Round "3"]
[White "Stamatis, Ioannis"]
[Black "Pavlis, Antonios"]
[Result "1/2-1/2"]
[WhiteElo "1637"]
[BlackElo "1869"]
[PlyCount "94"]
[EventDate "2016.07.11"]
[EventType "swiss"]
[EventRounds "9"]
[EventCountry "GRE"]
[SourceTitle "EXT 2017"]
[Source "ChessBase"]
[SourceDate "2016.10.25"]
[SourceVersion "1"]
[SourceVersionDate "2016.10.25"]
[SourceQuality "1"]

1. d4 Nf6 2. Nf3 c6 3. Bf4 d5 4. e3 Bg4 5. Nbd2 e6 6. Bd3 Nbd7 7. c3 Be7 8. h3 Bh5 9. 0-0 0-0 10. b4 Re8 11. a4 Bf8 12. Qb3 a6 13. Qb2 Nb6 14. Ne5 Nfd7 15. Qc2 Bg6 16. Nxg6 hxg6 17. Nf3 Be7 18. a5 Nc8 19. Ne5 Nxe5 20. Bxe5 Bf6 21. Bxf6 gxf6 22. f4 Kg7 23. Rf3 Nd6 24. Raf1 Rh8 25. c4 Qd7 26. c5 Nc8 27. g4 Ne7 28. Qf2 f5 29. g5 Rh7 30. h4 Rah8 31. Rh3 Kf8 32. Kg2 Ke8 33. Rfh1 Kd8 34. Be2 Qe8 35. Qf1 Kc7 36. Qd1 Kb8 37. h5 Qg8 38. h6 Qd8 39. Qe1 Ng8 40. Qg3 Ka7 41. Kf2 f6 42. Bd3 fxg5 43. fxg5 Qb8 44. Qxb8+ Kxb8 45. Kf3 Ne7 46. Kf4 Re8 47. Ke5 Ng8 1/2-1/2

[Event "GRE-ch U12"]
[Site "Greece"]
[Date "2014.07.10"]
[Round "9"]
[White "Stamatis, Ioannis"]
[Black "Sotiropoulos, Anastasios Theohar"]
[Result "1/2-1/2"]
[WhiteElo "1261"]
[BlackElo "1417"]
[PlyCount "72"]
[EventDate "2014.07.04"]
[EventType "swiss"]
[EventRounds "9"]
[EventCountry "GRE"]
[SourceTitle "EXT 2017"]
[Source "ChessBase"]
[SourceDate "2016.10.25"]
[SourceVersion "1"]
[SourceVersionDate "2016.10.25"]
[SourceQuality "1"]

1. e4 c6 2. d4 d5 3. Nc3 dxe4 4. Nxe4 Bf5 5. Ng3 Bg6 6. h4 h6 7. Nf3 Nd7 8. h5 Bh7 9. Bd3 Bxd3 10. Qxd3 e6 11. Bf4 Ngf6 12. 0-0-0 Nd5 13. Bd2 Nb4 14. Bxb4 Bxb4 15. Ne4 Be7 16. Kb1 Nf6 17. Ne5 Nxe4 18. Qxe4 Bf6 19. f4 Qe7 20. Nxc6 Qc7 21. Ne5 0-0 22. g4 Bxe5 23. dxe5 Rad8 24. g5 Rxd1+ 25. Rxd1 Rd8 26. Rd3 hxg5 27. fxg5 Qb6 28. Qg4 Rxd3 29. cxd3 Qe3 30. d4 Qd3+ 31. Kc1 Qe3+ 32. Kc2 Qf2+ 33. Kc3 Qe3+ 34. Kc2 Qf2+ 35. Kc3 Qe3+ 36. Kc2 Qf2+ 1/2-1/2

[Event "EU School-ch U13"]
[Site "Kavala"]
[Date "2014.06.17"]
[Round "1"]
[White "Stamatis, Ioannis"]
[Black "Parkhov, Yair"]
[Result "0-1"]
[WhiteElo "1261"]
[BlackElo "1935"]
[PlyCount "62"]
[EventDate "2014.06.17"]
[EventType "swiss"]
[EventRounds "9"]
[EventCountry "GRE"]
[SourceTitle "EXT 2024"]
[Source "ChessBase"]
[SourceDate "2023.10.10"]
[SourceVersion "1"]
[SourceVersionDate "2023.10.10"]
[SourceQuality "1"]

1. e4 e6 2. d4 d5 3. Nd2 c5 4. exd5 Qxd5 5. Ngf3 cxd4 6. Bc4 Qd6 7. 0-0 Nf6 8. Nb3 Nc6 9. Nfxd4 Nxd4 10. Nxd4 a6 11. c3 Qc7 12. Bb3 Bd7 13. Re1 0-0-0 14. Qf3 Bd6 15. h3 Kb8 16. Be3 e5 17. Nf5 e4 18. Qe2 Bxf5 19. a4 Bh2+ 20. Kh1 Be6 21. Bd4 Be5 22. Be3 Qc8 23. Bb6 Rd6 24. Qe3 Rd3 25. Ba7+ Ka8 26. Qb6 Bxh3 27. Bc2 Bxg2+ 28. Kxg2 Qh3+ 29. Kg1 Bh2+ 30. Kh1 Bg3+ 31. Kg1 Qh2+ 0-1